000 00566nam a2200193Ia 4500
003 GCL
008 140319s9999 xx 000 0 ara d
040 _aGCL /
_cGCL
082 0 4 _a813.03
_bع ا
100 1 _aعبدالرحمن الشرقاوى
245 1 0 _aارض المعركة /
_cعبدالرحمن الشرقاوى
300 _a173 ص
490 _aكتاب
_v0
650 0 4 _aالادب العربى
650 0 4 _aالعصر الحديث
650 0 4 _aالقصص القصيرة
650 0 4 _aالقصص العربية القصيرة
942 _2ddc
_cBK
999 _c41093
_d41093